Paquete integrado de control digital
Bewaard in:
| Hoofdauteur: | |
|---|---|
| Andere auteurs: | |
| Formaat: | Boek |
| Gepubliceerd in: |
San José, Costa Rica
1988
|
| Onderwerpen: | |
| Tags: |
Voeg label toe
Geen labels, Wees de eerste die dit record labelt!
|
MARC
| LEADER | 00000nam a2200000Ia 4500 | ||
|---|---|---|---|
| 003 | 004867 | ||
| 005 | 20221231144343.0 | ||
| 008 | 140114s1988 cr a m 000 ||s d | ||
| 040 | |c cru CEDI | ||
| 090 | |a TFG 2135 | ||
| 100 | |a Jiménez Valverde, Ronald Fernando |9 13552 | ||
| 245 | |a Paquete integrado de control digital | ||
| 260 | |c 1988 |a San José, Costa Rica | ||
| 300 | |a viii, 89 hojas : ilustraciones ; 28 cm | ||
| 500 | |a Proyecto de graduación (licenciatura en ingeniería eléctrica)--Universidad de Costa Rica. Facultad de Ingeniería. Escuela de Ingeniería Eléctrica | ||
| 650 | |x SISTEMAS DE CONTROL DIGITAL |9 13553 | ||
| 700 | |9 8731 |a Stradi Granados, Julio | ||
| 942 | |c TFG | ||
| 999 | |c 20616 |d 20616 | ||
